<?xml version="1.0" encoding="UTF-8"?>
<record
    xmlns:xsi="http://www.w3.org/2001/XMLSchema-instance"
    xsi:schemaLocation="http://www.loc.gov/MARC21/slim http://www.loc.gov/standards/marcxml/schema/MARC21slim.xsd"
    xmlns="http://www.loc.gov/MARC21/slim">

  <leader>02903nam a22002894a 4500</leader>
  <controlfield tag="003">BOLpUSFA</controlfield>
  <controlfield tag="005">20260416153455.0</controlfield>
  <controlfield tag="008">      t        bo     grm    001 | spa||</controlfield>
  <datafield tag="040" ind1=" " ind2=" ">
    <subfield code="a">BOLpUSFA</subfield>
  </datafield>
  <datafield tag="041" ind1=" " ind2=" ">
    <subfield code="a">spa</subfield>
  </datafield>
  <datafield tag="044" ind1=" " ind2=" ">
    <subfield code="a">BO</subfield>
  </datafield>
  <datafield tag="082" ind1=" " ind2=" ">
    <subfield code="a">ADM0021</subfield>
    <subfield code="b">R621e PG</subfield>
  </datafield>
  <datafield tag="100" ind1=" " ind2=" ">
    <subfield code="a">Rivera P&#xE9;rez, Rasshiel Iran</subfield>
  </datafield>
  <datafield tag="245" ind1=" " ind2=" ">
    <subfield code="a">Estudio de factibilidad para la creaci&#xF3;n de una Microempresa de Bisuter&#xED;a Artesanal en porcelana fr&#xED;a en el Municipio de Tupiza</subfield>
  </datafield>
  <datafield tag="260" ind1=" " ind2=" ">
    <subfield code="a">Tupiza: </subfield>
    <subfield code="b">Universidad Privada San Francisco de As&#xED;s. Carrera de Administraci&#xF3;n de Empresas, </subfield>
    <subfield code="c">2025 </subfield>
  </datafield>
  <datafield tag="300" ind1=" " ind2=" ">
    <subfield code="a">290 p.</subfield>
  </datafield>
  <datafield tag="502" ind1=" " ind2=" ">
    <subfield code="a">Modalidad: Proyecto de Grado -
Tutora: Lic. Carmen Julia Arizaga Surriable</subfield>
  </datafield>
  <datafield tag="520" ind1=" " ind2=" ">
    <subfield code="a">El  presente  proyecto  de  estudio  de  factibilidad  para  la  creaci&#xF3;n  de  una 
microempresa  de  bisuter&#xED;a  artesanal  en  porcelana  fr&#xED;a  tiene  como  objetivo 
desarrollar  un  negocio  que  ofrezca  productos  &#xFA;nicos  y  personalizados  para  el 
Municipio  de Tupiza.  Este proyecto  surge  debido  a  la  insatisfacci&#xF3;n  del  mercado 
local con la oferta de bisuter&#xED;a artesanal. La mayor&#xED;a de los consumidores busca 
productos que reflejen sus gustos y preferencias, pero no encuentran variedad ni 
dise&#xF1;o en el mercado actual. 

El  m&#xE9;todo  utilizado  para  desarrollar  el  proyecto  incluy&#xF3;  un  an&#xE1;lisis  de 
mercado  a  trav&#xE9;s  de  encuestas  con  el  fin  de  identificar  las  preferencias  del 
consumidor  y  los  puntos  de  venta  m&#xE1;s  relevantes.  Adem&#xE1;s,  se  estudi&#xF3;  la 
competencia local y las oportunidades de ventas en l&#xED;nea y en ferias  artesanales 
tambi&#xE9;n  involucr&#xF3;  la  definici&#xF3;n  de  costos,  precios  y  toda  la  estructura  de  la 
microempresa. 

Entre los principales resultados obtenidos, se destaca que los encuestados 
tienen  dificultades  para  encontrar  productos  adecuados  y  estar&#xED;an  dispuestos  a 
comprar  bisuter&#xED;a  artesanal  en  porcelana  fr&#xED;a.  Los  productos  m&#xE1;s  demandados 
fueron  aretes,  collar  y  pulsera.  Este  proyecto  concluye  que  la  creaci&#xF3;n  de  esta 
microempresa tiene un alto potencial de &#xE9;xito, con una demanda insatisfecha y un 
mercado dispuesto a apoyar la iniciativa. 

En conclusi&#xF3;n, el estudio determina que la creaci&#xF3;n de la microempresa es 
t&#xE9;cnica, econ&#xF3;mica y comercialmente viable, debido a la existencia de una demanda 
potencial  no  satisfecha,  la  aceptaci&#xF3;n  del  producto  y  las  oportunidades  de 
crecimiento  en  el  mercado  local;  el  proyecto  representa  una  alternativa  de 
autoempleo, desarrollo artesanal y promoci&#xF3;n de bisuter&#xED;a artesanal en el Municipio 
de Tupiza. 
 
</subfield>
  </datafield>
  <datafield tag="650" ind1=" " ind2=" ">
    <subfield code="a">Administraci&#xF3;n de Empresas</subfield>
  </datafield>
  <datafield tag="650" ind1=" " ind2=" ">
    <subfield code="a">Proyecto de Grado</subfield>
  </datafield>
  <datafield tag="650" ind1=" " ind2=" ">
    <subfield code="a">Estudio de factibilidad</subfield>
  </datafield>
  <datafield tag="650" ind1=" " ind2=" ">
    <subfield code="a">Joyas artesanales</subfield>
  </datafield>
  <datafield tag="650" ind1=" " ind2=" ">
    <subfield code="a">Porcelana fr&#xED;a</subfield>
  </datafield>
  <datafield tag="651" ind1=" " ind2=" ">
    <subfield code="a">Potos&#xED;</subfield>
  </datafield>
  <datafield tag="651" ind1=" " ind2=" ">
    <subfield code="a">Tupiza</subfield>
  </datafield>
  <datafield tag="942" ind1=" " ind2=" ">
    <subfield code="2">ddc</subfield>
    <subfield code="c">TE</subfield>
    <subfield code="z">LLO</subfield>
  </datafield>
  <datafield tag="999" ind1=" " ind2=" ">
    <subfield code="c">9708</subfield>
    <subfield code="d">9708</subfield>
  </datafield>
  <datafield tag="952" ind1=" " ind2=" ">
    <subfield code="0">0</subfield>
    <subfield code="1">0</subfield>
    <subfield code="2">ddc</subfield>
    <subfield code="4">0</subfield>
    <subfield code="7">0</subfield>
    <subfield code="8">2</subfield>
    <subfield code="a">BTZ</subfield>
    <subfield code="b">BTZ</subfield>
    <subfield code="c">3</subfield>
    <subfield code="d">2026-04-16</subfield>
    <subfield code="e">4</subfield>
    <subfield code="l">0</subfield>
    <subfield code="o">ADM0021 R621e PG</subfield>
    <subfield code="p">BTZ00915</subfield>
    <subfield code="r">2026-04-16</subfield>
    <subfield code="w">2026-04-16</subfield>
    <subfield code="y">TE</subfield>
  </datafield>
</record>
